000 00703cam a22002411 4500
001 sa 65002778
003 DLC
005 20260227112119.0
008 890615s1962 ii d 000 0 hino
010 _asa 65002778
035 _a(OCoLC)19876638
040 _aDLC
_cWaU
_dDLC
041 0 _ahinengsin
042 _apremarc
050 0 0 _aPK1936
_b.H5
245 0 0 _aHindī-Iṅgliśa-Sindhī śabda-kośa.
_bHindi-English Sindhi dictionary.
260 _c[1962]
300 _aviii, 1000 p.
_c19 cm.
650 0 _aHindi language
_xDictionaries
_xEnglish.
650 0 _aHindi language
_xDictionaries
_xSindhi.
700 0 _aDeepchandra Tilokchand,
_d1909-
740 0 _aHindi-English-Sindhi dictionary.
999 _c62810
_d62810